Jeux Video : Les jeux de tirs, toutes générations - Statistiques

Statistiques générales
  • Ce quiz a été pris 97 fois
  • Le résultat moyen est 7 sur 12
Statistiques - réponses
Par images Réponse % Correct
Call of duty
94%
Counter strike
87%
Valorant
85%
DOOM
80%
PUBG : Battlegrounds
78%
Halo
71%
Battlefield
66%
Team Fortress
42%
GoldenEye 007
38%
Helldivers
30%
The Finals
24%
Quake
19%
Aucun quiz correspondant
Distribution des résultats
% des personnes avec chaque résultat
Percentile par nombre de réponses
Votre historique - résultats
Vous n’avez pas pris ce quiz